Detalles MARC
| 000 -ENCABEZADO |
| Número de control [NR] |
02858nam a2200301Ia 4500 |
| 005 - FECHA Y HORA DE LA ÚLTIMA TRANSACCIÓN |
| control field |
20140410171917.0 |
| 008 - DE LONGITUD FIJA DE DATOS DE ELEMENTOS - INFORMACIÓN GENERAL |
| Elementos de longitud fija [NR] |
130821s2002 it a gs spa |
| 040 ## - FUENTE DE CATALOGACION [NR] |
| Agencia de catalogación original [NR] |
Co-BoUCM |
| Idioma de catalogación [NR] |
spa |
| 041 00 - CODIGO DE IDIOMA [R] |
| Código de idioma para texto/pista de sonido o título separado [R] |
Español |
| 092 ## - SIGNATURA TOPOGRAFICA LOCAL |
| Número de clasificación local |
DVD 0259 |
| 245 13 - MENCION DE TITULO [NR] |
| Título [NR] |
El Amigo Americano |
| Mención de responsabilidad, etc. [NR] |
[DVD] |
| -- |
[dirigida por] Liliana Cavani |
| 246 13 - FORMA VARIANTE DEL TITULO [R] |
| Título propiamente dicho/forma breve del título [NR] |
El juego de Ripley |
| 260 ## - PUBLICACION, DISTRIBUCION, ETC. (PIE DE IMPRENTA) [R] |
| Lugar de publicación, distribución, etc. [R] |
Roma (Italia) |
| Nombre del editor, distribuidor, etc. [R] |
Fine Line Features |
| Fecha de publicación, distribución, etc. [R] |
2002 |
| 300 ## - DESCRIPCION FISICA [R] |
| Extensión [R] |
1 DVD |
| Otros detalles físicos [NR] |
son., color |
| 500 ## - NOTA GENERAL [R] |
| Nota general [NR] |
SINOPSIS : Basada en la tercera novela de Patricia Highsmith sobre el personaje de Tom Ripley, ¿El Amigo Americano? supone el retorno a la dirección de la realizadora Liliana Cavani, que ha contado con John Malkovich para dar vida al amoral personaje protagonista de ?El talento de Mr. Ripley?. En este thriller que comienza en Londres, Ripley y su socio Reeves (Ray Winstone) se dedican a la venta de obras de arte falsificadas. Las cosas se complican y, para no ser descubiertos, Ripley no tiene más remedio que asesinar a uno de sus clientes y huir a Italia. Allí se presenta su socio para comunicarle que no estarán seguros hasta que no eliminen a dos personas más. Ripley convence a su vecino Jonathan (Dougray Scott), enfermo de cáncer y con pocos recursos para mantener a su familia, para que lleve a cabo los asesinatos a cambio de una sustanciosa cantidad de dinero. Sin embargo todo el plan se va al garete cuando, durante un viaje en tren camino de Berlín, Ripley tiene que ayudar a Jonathan con la segunda víctima, que resulta ser un capo de la mafia. |
| 508 ## - NOTA DE CREDITOS DE CREACION/PRODUCCION [R] |
| Nota de créditos de creación/producción [NR] |
CREDITOS : Dirección, Liliana Cavani; Ayudante de dirección, Daniela Merlo; Dirección artística, Biagio Fersini; Producción, Simon Bosanquet, Ileen Maisel, Riccardo Tosí; Guión, Liliana Cavan, Patricia Highsmith, Charles McKeown; Música, Ennio Morricone; Sonido, Lydia Andrew; Editor, Jon Harris; Fotografía, Alfio Contini; Vestuario, Fotini Dimos, Raffaella Fantasia, Alberto Verso; Efectos especiales, Maurizio Corridori. |
| 511 ## - NOTA DE PARTICIPANTE O INTERPRETE [R] |
| Nota de participante o intérprete [NR] |
John Malkovich (Tom Ripley), Uwe Mansshardt (Terry), Hanns Zischler (Contrabandista de arte), Paolo Paoloni (Franco), Maurizio Lucà (Ayudante de Franco), Dougray Scott (Jonathan Trevanny), Evelina Meghangi (Maria), Chiara Caselli (Luisa Harari), Lena Headey (Sarah Trevanny), Sam Blitz (Matthew Trevanny), Emidio La Vella (Zapatero), Lutz Winde (Ernst), Nikolaus Deutsch (Dr), Wentzel), Wilfried Zander (Belinsky), Ray Winstone (Reeves). |
| 546 ## - NOTA DE IDIOMA [R] |
| Nota de idioma [NR] |
Audio en Inglés. |
| 650 04 - ASIENTO SECUNDARIO DE MATERIA - TERMINO TEMATICO [R] |
| Término temático o nombre geográfico como elemento de entrada [NR] |
Entretenimiento |
| 9 (RLIN) |
26487 |
| 650 04 - ASIENTO SECUNDARIO DE MATERIA - TERMINO TEMATICO [R] |
| Término temático o nombre geográfico como elemento de entrada [NR] |
Películas cinematográficas |
| Subdivisión geográfica [R] |
Italia |
| 9 (RLIN) |
7903 |
| 650 04 - ASIENTO SECUNDARIO DE MATERIA - TERMINO TEMATICO [R] |
| Término temático o nombre geográfico como elemento de entrada [NR] |
Películas de misterio |
| Subdivisión de forma [R] |
DVD |
| 9 (RLIN) |
21238 |
| 700 1# - ASIENTO SECUNDARIO - NOMBRE PERSONAL [R] |
| Nombre personal [NR] |
Cavani, Liliana |
| Término de relación [R] |
|
| 710 2# - ASIENTO SECUNDARIO - NOMBRE CORPORATIVO [R] |
| Nombre corporativo o de jurisdicción como elemento de entrada [NR] |
Baby Films |
| 710 2# - ASIENTO SECUNDARIO - NOMBRE CORPORATIVO [R] |
| Nombre corporativo o de jurisdicción como elemento de entrada [NR] |
Fine Line Features |
| 765 ## - ASIENTO DE IDIOMA ORIGINAL [R] |
| Título [NR] |
Ripley's game |
| 856 04 - LOCALIZACION Y ACCESO ELECTRONICOS [R] |
| Identificador Uniforme del Recurso (“URI”) [R] |
<a href="http://www.youtube.com/watch?v=2hhxNJ7KDDs">http://www.youtube.com/watch?v=2hhxNJ7KDDs</a> |
| Nota dirigida al público [R] |
Siga este vínculo para ver el trailer. |
| 942 ## - ELEMENTOS DE ENTRADA AGREGADOS (KOHA) |
| Tipo de ítem principal el descrito en 300a |
Multimedia |
| Sistema de clasificación |
LOCAL |
| Tema principal |
Entretenimiento |
| Edición |
1 |